000
00182nam a2200085 4500
001
1241547
005
20251013113802.0
245
_a
MASAL ANTOLOJİSİ
_c
VURAL KAYA
260
_b
YEDİVEREN
999
_c
1241547
_d
1241547